Welcome to the Holygrace Academy Library

Please use search bar below to get started

THE SECRETS OF DROON (Record no. 6080)

MARC details
000 -LEADER
fixed length control field 00605nam a22001457a 4500
020 ## - INTERNATIONAL STANDARD BOOK NUMBER
ISBN 978-0-439-18298-0
082 ## - DEWEY DECIMAL CLASSIFICATION NUMBER
Classification number 823
Item number ABB/G
100 ## - MAIN ENTRY--AUTHOR NAME
Personal name ABBOT, TONY
245 ## - TITLE STATEMENT
Title THE SECRETS OF DROON
Remainder of title THE GOLDEN WASP
260 ## - PUBLICATION, DISTRIBUTION, ETC. (IMPRINT)
Place of publication NEW YORK
Name of publisher SCHOLASTIC
Year of publication 2012
300 ## - PHYSICAL DESCRIPTION
Number of Pages 101
520 ## - SUMMARY, ETC.
Summary, etc A hidden door. A magical staircase. Discover the world of Droon!Oops! Julie made a big mistake when she brought a bracelet home from Droon. Now she's upset the balance between worlds-and strange things are starting to happen. Eric's dad has disappeared into Droon
650 ## - SUBJECT ADDED ENTRY--TOPICAL TERM
Topical Term ADVENTURE STORY
Geographic subdivision UNITED STATES
942 ## - ADDED ENTRY ELEMENTS (KOHA)
Koha item type Books
Holdings
Withdrawn status Lost status Collection code Home library Current library Shelving location Date acquired Source of acquisition Cost, normal purchase price Full call number Accession Number Koha item type
    Fiction Main Library Main Library SHELF 15 H-HARRY POTTER(CHARACTERISATION),WIMPY KID,DORK DIARIES 02/12/2013 purchase 110.00 823 ABB/G 06579 Books
    Fiction Main Library Main Library SHELF 15 H-HARRY POTTER(CHARACTERISATION),WIMPY KID,DORK DIARIES 20/03/2015 purchase 110.00 823 ABB/G 08470 Books